| 000 | 00000nam##2200000za#4500 |
| 001 | 9.619352 |
| 003 | CaOODSP |
| 005 | 20210615103423 |
| 007 | ta |
| 008 | 150406|2009||||xxc||||| f|0| 0 eng|d |
| 022 | |a0706-6473 |
| 040 | |aCaOODSP|beng |
| 043 | |an-cn--- |
| 086 | 1 |aFs97-4/2867E |
| 110 | 1 |aCanada. |bDepartment of Fisheries and Oceans. |
| 245 | 10|aCentral coast juvenile herring survey, August 2007 / |cby M. Thompson and T.W. Therriault. |
| 260 | |aNanaimo - British Columbia : |bFisheries and Oceans Canada |c2009. |
| 300 | |avi, 53p. : |bgraphs, maps, tables ; |c28 cm. |
| 490 | 1 |aCanadian manuscript report of fisheries and aquatic sciences|x0706-6473|vNo. 2867 |
| 500 | |a"Fisheries and Oceans Canada, Science Branch, Pacific Region, Pacific Biological Station, Nanaimo, British Columbia V9T 6N7". Incorrect catalogue number (97-4/2867E) printed in this publication. |
| 520 | 3 |aServes to address information gaps on the distribution, abundance, size and feeding habits of juvenile herring in these nearshore, northern waters. |
| 546 | |a(Résumé en français) |
| 563 | |aProcessed |
| 590 | |a09-24|b2009-06-12 |
| 690 | 07|aFisheries|2gcpds |
| 720 | 1 |aThompson, M. |
| 720 | 1 |aTherriault, T. W. |
| 776 | 0#|tCentral coast juvenile herring survey, August 2007 / |w(CaOODSP)9.580171 |
| 830 | #0|aCanadian manuscript report of fisheries and aquatic sciences,|x0706-6473|vNo. 2867|w(CaOODSP)9.514688 |